Language Quiz

Random Language or Letter Quiz

'RU' Ready? Quiz Stats

 Plays Quiz Updated Sep 15, 2013

Support Sporcle.
Go Orange.
Score 0/30 Timer 05:00
0 Plays Today
Clue 'RU' word % Correct
A red gemstoneruby
96.9%
The red-nosed reindeerRudolph
95.2%
Country with largest areaRussia
94.9%
Incredibly impoliterude
94.4%
Slang for an eraser or a condomrubber
94.3%
Measuring stickruler
93.9%
Step of a ladderrung
93.4%
To burst, like a spleenrupture
93.3%
Actors Brand or CroweRussell
93%
Oxidized ironrust
92.8%
The smallest one in the litterrunt
90.3%
Not in town, but in the countryrural
89.6%
Sport with rucks & scrumsrugby
89.6%
A bit of unsubstantiated gossiprumor
88%
Rock fragments or Barney of 'The Flintstones'rubble
86.9%
Clue 'RU' word % Correct
Like sunnyside up egg yolkrunny
84.7%
Device used to steer a boatrudder
84.4%
Puzzle cube inventor ErnoRubik
84.1%
A lively Cuban dancerumba
79.9%
A card game where one collects sets of cardsrummy
79.1%
Indian currencyrupee
78.5%
Book of Bible named for the mother of ObedRuth
76.1%
Del Shannon's only #1 hit or a fugitiveRunaway
68%
New Jersey's state collegeRutgers
63%
'Let the wild ___ start!' (noisy commotion)rumpus
62.6%
'West Side Story' skirmishrumble
58.3%
Canadian band who sang 'Tom Sawyer'Rush
54.2%
A turnip with a yellowish rootrutabaga
44.9%
An Italian river Caesar famously crossedRubicon
37.7%
Kentucky basketball coach AdolphRupp
34.1%

From the Vault

Asian Capitals (Redux)

by Hrbekfan1978

Click wrong and you'll need a redo for this redux.
Remove Ads.
Support Sporcle.
Get the best of Sporcle when you Go Orange. This ad-free experience offers more features, more stats, and more fun while also helping to support Sporcle. Thank you for becoming a member.

Show Comments

Extras

Top Quizzes Today


Score Distribution

Your Account Isn't Verified!

In order to create a playlist on Sporcle, you need to verify the email address you used during registration. Go to your Sporcle Settings to finish the process.

Report this User

Report this user for behavior that violates our Community Guidelines.

Details: